Los intermediarios.

Guardado en:
Formato: Deslizar
Series:Multitalento microchip
Materias:
Etiquetas: Agregar Etiqueta
Sin Etiquetas, Sea el primero en etiquetar este registro!
LEADER 00911ngm a22002655g 4500
001 CEM.cems021360
008 130507b1991##################0###0#####d
005 20240819162225.0
245 0 0 |a Los intermediarios. 
300 |a 29 
490 0 |a Multitalento microchip 
500 |a En soporte VHS, consultar en ventanilla. Grabación Drd 1991. 
505 0 |a Automóvil: su electrónica. Técnica de ordenador en el automóvil. Los intermediarios de las computadoras: unidades de entrada y salida. 
538 |a Soporte: VHS - Norma: Pal N - Color: Si - Hitachi: 5080. 
082 0 0 |. 6/AVE 
653 |a NIVEL SECUNDARIO 
653 |a COMPUTACION 
653 |a MATEMATICA 
653 |a COMPUTACION APLICADA 
653 |a INTERMEDIARIOS 
653 |a ELECTRONICA 
653 |a AUTOMOVIL 
653 |a PERIFERICOS 
653 |a MICROCHIP 
859 |a CEMS  |b BIB. CEMS - Depto. Recursos Didacticos  |h 001.6  |i AVE  |k DRD  |p 3.12  |t Ej.1